[Event "Under 2300 Spring Tournament 3"]
[Site "SchemingMind.com"]
[Date "2017.04.13"]
[Round "-"]
[White "Iucounu"]
[Black "emvarela"]
[Result "0-1"]
[WhiteCountry "ENG"]
[BlackCountry "ARG"]
[WhiteElo "1551"]
[WhiteRD "59"]
[BlackElo "1913"]
[BlackRD "56"]
[GameID "412830"]

1. e4 e5 2. Nf3 Nc6 3. Bb5 a6 4. Ba4 Nf6 5. O-O Bc5 6. c3 b5 7. Bb3 d6 8. d4 exd4 9. cxd4 Bb6 10. Bg5 h6
11. Bh4 Bg4 12. d5 Ne5 13. Nbd2 Nd3 14. Qb1 Ne5 15. Nxe5 dxe5 16. Kh1 g5 17. Bg3 Qd6 18. f3 Bd7 19. a3 c6 20. Qd3 Nh5
21. Bf2 Bxf2 22. Rxf2 Nf4 23. Qc2 cxd5 24. exd5 f5 25. Rd1 Rc8 26. Qb1 Qc5 27. Rdf1 Nxd5 28. Bxd5 Qxd5 29. b4 Ke7 30. h3 Rc3
31. Qb2 Re3 32. Qc1 Rc8 33. Qd1 Rcc3 34. Nb1 Qxd1 35. Rxd1 Rcd3 36. Rxd3 Rxd3 37. Rd2 Rxd2 38. Nxd2 Be6 39. Kg1 Kd6 40. Kf2 Ba2
41. g3 Kd5 42. Ke3 f4+ 43. gxf4 gxf4+ 44. Kd3 Bc4+ 45. Nxc4 bxc4+
0-1

[Event "Under 2300 Spring Tournament 3"]
[Site "SchemingMind.com"]
[Date "2017.04.13"]
[Round "-"]
[White "klagefall"]
[Black "Iucounu"]
[Result "1-0"]
[WhiteCountry "GER"]
[BlackCountry "ENG"]
[WhiteElo "2045"]
[WhiteRD "101"]
[BlackElo "1602"]
[BlackRD "57"]
[GameID "412831"]

1. d4 Nf6 2. c4 g6 3. Nc3 Bg7 4. e4 d6 5. Nf3 O-O 6. Be2 e5 7. d5 c6 8. Bg5 a6 9. Nd2 c5 10. O-O Nbd7
11. a3 b6 12. b4 Bb7 13. Rb1 Qc7 14. a4 cxb4 15. Rxb4 a5 16. Rb1 h6 17. Be3 g5 18. Nb5 Qb8 19. f3 Nc5 20. Rb2 Ba6
21. Qa1 Bxb5 22. Rxb5 Nfd7 23. Rfb1 Qc7 24. Nb3 f5 25. Nxc5 dxc5 26. Bd3 f4 27. Bf2 Rab8 28. Bf1 Qd6 29. R1b3 Rb7 30. Rxa5 Rfb8
31. Rab5 Bf6 32. Qb1 Bd8 33. a5 Qc7 34. axb6 Rxb6 35. Rxb6 Rxb6 36. Rxb6 Qxb6 37. Qxb6 Bxb6 38. Be1 h5 39. Kf2 h4 40. Ke2 Kf7
41. Kd3 Ke7 42. Kc2 Kd6 43. Kb3 Kc7 44. Ka4 Kb7 45. Kb5 Nf6 46. Bc3 Nd7 47. Be1 Bc7 48. g3 hxg3 49. hxg3 Bd6 50. Bh3 Nb8
51. gxf4 gxf4 52. Bf2 Na6 53. Bc8+
1-0

[Event "Under 2300 Spring Tournament 3"]
[Site "SchemingMind.com"]
[Date "2017.04.13"]
[Round "-"]
[White "Iucounu"]
[Black "klagefall"]
[Result "0-1"]
[WhiteCountry "ENG"]
[BlackCountry "GER"]
[WhiteElo "1602"]
[WhiteRD "57"]
[BlackElo "2045"]
[BlackRD "101"]
[GameID "412832"]

1. e4 e5 2. Nf3 Nc6 3. Bb5 a6 4. Ba4 Nf6 5. O-O Be7 6. Re1 b5 7. Bb3 O-O 8. c3 d5 9. exd5 Nxd5 10. Nxe5 Nxe5
11. Rxe5 c6 12. d4 Bd6 13. Re1 Qh4 14. g3 Qh3 15. Be3 Bg4 16. Qd3 Rae8 17. Bxd5 cxd5 18. Qf1 Qh5 19. Nd2 f5 20. f3 Bh3
21. Qf2 f4 22. Bxf4 Bxf4 23. Rxe8 Qxe8 24. gxf4 Rf6 25. Kh1 Re6 26. Rg1 Qe7 27. Qg3 Bf5 28. h4 Re2 29. Rg2 g6 30. Kh2 Qe3
31. Rxe2 Qxe2+ 32. Qg2 Qe1 33. h5 Qh4+
0-1

[Event "Under 2300 Spring Tournament 3"]
[Site "SchemingMind.com"]
[Date "2017.04.13"]
[Round "-"]
[White "Scooter"]
[Black "Iucounu"]
[Result "1-0"]
[WhiteCountry "USA"]
[BlackCountry "ENG"]
[WhiteElo "1739"]
[WhiteRD "53"]
[BlackElo "1602"]
[BlackRD "57"]
[GameID "412833"]

1. d4 Nf6 2. Nf3 g6 3. Bf4 Bg7 4. e3 O-O 5. Be2 d6 6. O-O Nbd7 7. Nbd2 Re8 8. h3 Nh5 9. Bh2 e5 10. dxe5 dxe5
11. Ne4 f5 12. Neg5 h6 13. Bc4+ Kf8 14. Ne6+ Rxe6 15. Bxe6 e4 16. Bxd7 Qxd7 17. Qxd7 Bxd7 18. Ne5 Bxe5 19. Bxe5 Rc8 20. Rfd1 Be6
21. b3 Ke7 22. Rd2 c6 23. Rad1 a6 24. c4 Nf6 25. Bxf6+ Kxf6 26. Kf1 Rc7 27. c5 g5 28. Rd6 Ke5 29. Ke2 h5 30. R1d2 g4
31. h4 Kf6 32. f3 exf3+ 33. gxf3 Ke5 34. f4+ Kf6 35. R2d4 Rg7 36. e4 fxe4 37. Rxe4 Re7 38. Ke3
1-0

[Event "Under 2300 Spring Tournament 3"]
[Site "SchemingMind.com"]
[Date "2017.04.13"]
[Round "-"]
[White "Iucounu"]
[Black "Scooter"]
[Result "0-1"]
[WhiteCountry "ENG"]
[BlackCountry "USA"]
[WhiteElo "1602"]
[WhiteRD "57"]
[BlackElo "1739"]
[BlackRD "53"]
[GameID "412834"]

1. e4 c6 2. d4 d5 3. Nc3 dxe4 4. Nxe4 Bf5 5. Ng3 Bg6 6. h4 h6 7. h5 Bh7 8. Nf3 Nd7 9. Bd3 Bxd3 10. Qxd3 Qc7
11. Bd2 O-O-O 12. O-O-O Ngf6 13. c3 e6 14. Kb1 Bd6 15. Ne4 Nxe4 16. Qxe4 Nf6 17. Qe2 Bf4 18. Bxf4 Qxf4 19. Ne5 Nd7 20. g3 Qf5+
21. Ka1 Nxe5 22. dxe5 Rxd1+ 23. Rxd1 Rd8 24. Rxd8+ Kxd8 25. f4 Qh3 26. Qf3 Qh2 27. a3 Qg1+ 28. Ka2 Qc5 29. Qd3+ Qd5+ 30. Qxd5+ exd5
31. a4 Kd7 32. Ka3 Ke6 33. g4 f6 34. exf6 gxf6 35. a5 b6 36. axb6 axb6 37. b4 c5 38. b5 f5 39. g5 hxg5 40. fxg5 f4
41. h6 Kf7 42. h7 Kg7 43. g6 f3
0-1

[Event "Under 2300 Spring Tournament 3"]
[Site "SchemingMind.com"]
[Date "2017.04.13"]
[Round "-"]
[White "ray winteringham"]
[Black "Iucounu"]
[Result "0-1"]
[WhiteCountry "ENG"]
[BlackCountry "ENG"]
[WhiteElo "1481"]
[WhiteRD "52"]
[BlackElo "1602"]
[BlackRD "57"]
[GameID "412835"]

1. e4 Nf6 2. e5 Nd5 3. c4 Nb6 4. c5 Nd5 5. Bc4 e6 6. Bxd5 exd5 7. d4 d6 8. cxd6 cxd6 9. Bf4 dxe5 10. Bxe5 Bb4+
11. Nc3 Nc6 12. Bxg7 Qe7+ 13. Qe2 Bxc3+ 14. bxc3 Rg8 15. Qxe7+ Nxe7 16. Bf6 Be6 17. Bxe7 Kxe7 18. Nf3 Rxg2 19. Rb1 b6 20. h4 f6
21. Rg1 Rxg1+ 22. Nxg1 Bg4 23. f3 Bh5 24. Kf2 Ke6 25. Re1+ Kd7 26. Nh3 Re8 27. Rxe8 Kxe8 28. Nf4 Bf7 29. h5 Kd7 30. Kg3 b5
31. Kf2 a5 32. Ke2 Kc6 33. Kd2 b4 34. h6 Kb5 35. Nd3 Kc4 36. cxb4 axb4 37. Kc2 Bg6 38. Kd2 Bxd3 39. f4 Kxd4 40. Kc1 Kc3
0-1

[Event "Under 2300 Spring Tournament 3"]
[Site "SchemingMind.com"]
[Date "2017.04.13"]
[Round "-"]
[White "Iucounu"]
[Black "ray winteringham"]
[Result "0-1"]
[WhiteCountry "ENG"]
[BlackCountry "ENG"]
[WhiteElo "1537"]
[WhiteRD "67"]
[BlackElo "1500"]
[BlackRD "51"]
[GameID "412836"]

1. e4 e5 2. Nf3 Nc6 3. Bb5 d6 4. d4 Bd7 5. Nc3 f6 6. O-O a6 7. Bxc6 Bxc6 8. d5 Bd7 9. h3 g6 10. Nh2 Bg7
11. Rb1 Ne7 12. b3 c5 13. dxc6 Bxc6 14. f3 O-O 15. Ng4 Rc8 16. Bb2 Qb6+ 17. Kh1 f5 18. exf5 Rxf5 19. Qxd6 Rxf3 20. Rxf3 Bxf3
21. gxf3 Qxd6
0-1

[Event "Under 2300 Spring Tournament 3"]
[Site "SchemingMind.com"]
[Date "2017.04.16"]
[Round "-"]
[White "Iucounu"]
[Black "flyinduck"]
[Result "0-1"]
[WhiteCountry "ENG"]
[BlackCountry "CAN"]
[WhiteElo "1597"]
[WhiteRD "57"]
[BlackElo "2021"]
[BlackRD "59"]
[GameID "412837"]

1. e4 e5 2. f4 exf4 3. Nf3 g5 4. h4 g4 5. Ne5 Nf6 6. Bc4 d5 7. exd5 Bd6 8. d4 O-O 9. Bxf4 Nh5 10. g3 Nxf4
11. gxf4 h5 12. Qd3 Qf6 13. Qe4 Bf5 14. Qe2 Nd7 15. Nc3 Nb6 16. Bb3 a5 17. a3 a4 18. Ba2 Bh7 19. Qf2 Qf5 20. O-O-O Rfe8
21. Qg3 Re7 22. Rd2 Rae8 23. Re1 f6 24. Nd3 Rxe1+ 25. Nxe1 Bxf4 26. d6+ Kf8 27. Qg2 Rxe1+ 28. Nd1 Qxc2#
0-1

[Event "Under 2300 Spring Tournament 3"]
[Site "SchemingMind.com"]
[Date "2017.04.16"]
[Round "-"]
[White "flyinduck"]
[Black "Iucounu"]
[Result "1-0"]
[WhiteCountry "CAN"]
[BlackCountry "ENG"]
[WhiteElo "2021"]
[WhiteRD "59"]
[BlackElo "1597"]
[BlackRD "57"]
[GameID "412838"]

1. e4 Nf6 2. e5 Nd5 3. d4 d6 4. c4 Nb6 5. exd6 cxd6 6. Be3 e6 7. Nc3 Be7 8. Nf3 Nc6 9. Be2 O-O 10. O-O h6
11. b3 Bf6 12. Rc1 Re8 13. Qd2 e5 14. Rfd1 exd4 15. Nxd4 Nxd4 16. Bxd4 Bxd4 17. Qxd4 Be6 18. Qxd6 Qxd6 19. Rxd6 Rad8 20. Rcd1 Rxd6
21. Rxd6 Re7 22. f3 Rd7 23. Rxd7 Nxd7 24. Kf2 a6 25. Ke3 f5 26. f4 g6 27. Kd4 Kf7 28. c5 Kf6 29. Bf3 b5 30. c6 Nb6
31. Kc5 Nc8 32. Bd5 g5 33. g3 g4 34. a4 bxa4 35. bxa4 h5 36. a5
1-0

[Event "Under 2300 Spring Tournament 3"]
[Site "SchemingMind.com"]
[Date "2017.04.13"]
[Round "-"]
[White "Iucounu"]
[Black "Wojtek26"]
[Result "1-0"]
[WhiteCountry "ENG"]
[BlackCountry "POL"]
[WhiteElo "1597"]
[WhiteRD "57"]
[BlackElo "1608"]
[BlackRD "51"]
[GameID "412839"]

1. e4 e5 2. Nf3 Nc6 3. Bb5 Nge7 4. O-O a6 5. Ba4 b5 6. Bb3 g6 7. c3 Bg7 8. d4 exd4 9. cxd4 O-O 10. a3 d5
11. exd5 Nb8 12. Nc3 Nd7 13. Bf4 Nf5 14. Ne5 Nxe5 15. dxe5 Bb7 16. Rc1 Re8 17. Re1 Ne7 18. d6 cxd6 19. Qxd6 Nf5 20. Qxd8 Raxd8
21. h3 Nh4 22. Bg5 Nxg2 23. Bxd8 Rxd8 24. Red1 Rxd1+ 25. Rxd1 Bxe5 26. Bd5 Bxd5 27. Nxd5 Nf4 28. Nxf4 Bxf4 29. Rd8+ Kg7 30. Ra8 Bc1
31. Rxa6 Bxb2 32. Rb6 Bxa3 33. Rxb5 g5 34. Rxg5+ Kh6 35. Rg2 f6 36. Kf1 Bc1 37. Ke2 Bg5 38. Kd3 Kh5 39. Rg4 Bc1 40. Ke4 Bg5
41. f4 Bh4 42. Kf5 h6 43. Rg6 Bg5 44. fxg5 fxg5 45. Rf6
1-0

[Event "Under 2300 Spring Tournament 3"]
[Site "SchemingMind.com"]
[Date "2017.04.13"]
[Round "-"]
[White "Wojtek26"]
[Black "Iucounu"]
[Result "1/2-1/2"]
[WhiteCountry "POL"]
[BlackCountry "ENG"]
[WhiteElo "1603"]
[WhiteRD "50"]
[BlackElo "1602"]
[BlackRD "57"]
[GameID "412840"]

1. e4 Nf6 2. Nc3 d5 3. exd5 Nxd5 4. Nxd5 Qxd5 5. Nf3 Bg4 6. Be2 Nc6 7. h3 Bf5 8. O-O O-O-O 9. b3 f6 10. Bb2 e5
11. Bc4 Qd7 12. Bb5 a6 13. Bxc6 Qxc6 14. d3 Be6 15. Re1 Bc5 16. Qe2 Bd5 17. Rad1 Bxf3 18. Qxf3 Qxf3 19. gxf3 Bd4 20. Bxd4 Rxd4
21. Re4 Rxe4 22. fxe4 c5 23. a4 a5 24. Rf1=
1/2-1/2